Adaptivnyje ekonometričeskije modeli

Guardado en:
Detalles Bibliográficos
Autor principal: Levickij, Jefim Moisejevič
Formato: Libro
Lenguaje:ruso
Publicado: Novosibirsk Nauka 1981
Etiquetas: Agregar Etiqueta
Sin Etiquetas, Sea el primero en etiquetar este registro!

MARC

LEADER 00000nam a2200000 4500
001 c129103
005 20041019155245.4
041 0 |a rus 
044 |a RU 
245 1 0 |a Adaptivnyje ekonometričeskije modeli  |c Jefim Moisejevič Levickij 
264 1 |a Novosibirsk  |b Nauka  |c 1981 
300 |a 220 s. 
100 1 |a Levickij, Jefim Moisejevič